| 000 | 00603nam a22002297a 4500 | ||
|---|---|---|---|
| 003 | UA-OsUOA | ||
| 001 | 34312 | ||
| 007 | ta | ||
| 008 | 20050927b un ||||| |||| 00| 0 ukr d | ||
| 090 |
_a821.161.1 _bН12 |
||
| 942 | _cBK | ||
| 040 |
_aUA-OsUOA _brus _cUA-OsUOA _dUA-OsUOA |
||
| 245 | _aНа суше и на море | ||
| 300 | _a448 с. | ||
| 955 | _a3 | ||
| 041 | _arus | ||
| 080 | _a821.161.1 | ||
| 260 |
_aМ. _bМысль _c1978 |
||
| 246 | 3 | 1 |
_aфакты. Догадки. Случаи _n |
| 650 | 7 |
_a82 Література. Літературознавство _2UDC |
|
| 999 |
_c320751 _d320751 |
||